| 000 | 00323nam a2200133Ia 4500 | ||
|---|---|---|---|
| 008 | 230917s9999||||xx |||||||||||||| ||und|| | ||
| 040 |
_e142561 _aMAIN |
||
| 041 | _aEnglish | ||
| 082 | _a940.28 O2F | ||
| 245 | 0 | _aFrance 1848-1851 | |
| 260 |
_aMilton Keynes _bOpen University press _c1976 |
||
| 300 | _a173p p. | ||
| 942 | _cBK | ||
| 999 |
_c43882 _d43882 |
||